000
00246nam a2200097Ia 4500
005
20251222114356.0
008
251222s1900||||xx |||||||||||||| ||spa||
082
_a
DVD0170/H59I/1959
245
0
_a
Intriga internacional:North by northwest
942
_c
DVD
999
_c
1456
_d
1456